SMS and MMS interworking in mobile networks (Record no. 8401)
[ view plain ]
| 000 -LEADER | |
|---|---|
| fixed length control field | 00540 a2200169 4500 |
| 020 ## - INTERNATIONAL STANDARD BOOK NUMBER | |
| International Standard Book Number | 1580538908 |
| 040 ## - CATALOGING SOURCE | |
| Original cataloging agency | DLC |
| Language of cataloging | DLC |
| 082 00 - DEWEY DECIMAL CLASSIFICATION NUMBER | |
| Classification number | 621.38456 |
| 245 10 - TITLE STATEMENT | |
| Title | SMS and MMS interworking in mobile networks |
| Statement of responsibility, etc. | Arnaud Henry. Vincent Jonack. |
| 260 ## - PUBLICATION, DISTRIBUTION, ETC. | |
| Place of publication, distribution, etc. | Boston : |
| Name of publisher, distributor, etc. | Artech House, |
| Date of publication, distribution, etc. | c2004. |
| 300 ## - PHYSICAL DESCRIPTION | |
| Extent | xvi, 330 p. : |
| Other physical details | ill. ; |
| Dimensions | 26 cm. |
| 440 #0 - SERIES STATEMENT/ADDED ENTRY--TITLE | |
| Title | Artech House mobile communications series |
| 650 #0 - SUBJECT ADDED ENTRY--TOPICAL TERM | |
| Topical term or geographic name entry element | Mobile communication systems. |
| 650 #0 - SUBJECT ADDED ENTRY--TOPICAL TERM | |
| Topical term or geographic name entry element | Internetworking (Telecommunication) |
| 700 1# - ADDED ENTRY--PERSONAL NAME | |
| Personal name | Jonack, Vincent. |
| 942 ## - ADDED ENTRY ELEMENTS (KOHA) | |
| Koha item type | Book |
| Call number prefix | 621.38456 |
| Source of classification or shelving scheme | |
| Withdrawn status | Lost status | Damaged status | Not for loan | Collection code | Permanent Location | Current Location | Shelving location | Date acquired | Source of acquisition | Cost, normal purchase price | Total Checkouts | Full call number | Barcode | Date last seen | Price effective from | Koha item type |
|---|---|---|---|---|---|---|---|---|---|---|---|---|---|---|---|---|
| Central Library (CL) | Central Library (CL) | General Stacks | 03/24/2005 | Allied Book Company | 8082.55 | 621.38456 | SEECS005480 | 11/14/2012 | 01/05/2017 | Book |
